000 00370nam a2200145Ia 4500
008 150201s2003 xx 000 0 und d
082 _a617.645
_bO1993S
100 _aSCULLY,C.S.
245 _aOROFACIAL DISEASE :UPDATE FOR D.C
250 _a1ST
260 _bCHURCHILL LIVINGSTONE
_aEDINBURGH
_c2003
300 _a1-135
650 _aORAL MEDICINE
942 _2ddc
_cBK
_01
999 _c3597
_d3597